书目信息 |
| 题名: |
鱼类生理学
|
|
| 作者: | 童裳亮 编著 | |
| 分册: | ||
| 出版信息: | 北京 科学出版社 1988.2 |
|
| 页数: | 339页 | |
| 开本: | 19厘米 | |
| 丛书名: | ||
| 单 册: | ||
| 中图分类: | Q959.4 | |
| 科图分类: | ||
| 主题词: | 鱼类学--生理学 | |
| 电子资源: | ||
| ISBN: | 978-7-03-000026-2 | |
| 000 | 00751nam0 2200229 450 | |
| 001 | 0100235599 | |
| 005 | 20020928000000.0 | |
| 010 | @a978-7-03-000026-2@dCNY2.55 | |
| 100 | @a19910411d1988 m y0chiy0110 ea | |
| 101 | 0 | @achi |
| 102 | @aCN@b110000 | |
| 105 | @ay z 000yy | |
| 106 | @ar | |
| 200 | 1 | @a鱼类生理学@9Yu Lei Sheng Li Xue @f童裳亮编著@b专著 |
| 210 | @a北京@c科学出版社@d1988.2 | |
| 215 | @a339页@d19厘米 | |
| 330 | @a本书介绍了鱼类的中枢神经系统、感官系统,效应器(发光、发声、发电)系统,呼吸循环系统,消化、吸收、营养和生长生殖和内分泌系统等。 | |
| 606 | 0 | @a鱼类学@x生理学 |
| 690 | @aQ959.4@v1980 | |
| 701 | 0 | @a童裳亮@f(1936.5~)@9tong shang liang@4编著 |
| 801 | 0 | @aCN@bAiZhiMarc@c19910411 |
| 905 | @aBZT@dQ959.4@e44@f1@sQ959.4/44 | |
| 鱼类生理学/童裳亮编著.-北京:科学出版社,1988.2 |
| 339页;19厘米 |
| ISBN 978-7-03-000026-2:CNY2.55 |
| 本书介绍了鱼类的中枢神经系统、感官系统,效应器(发光、发声、发电)系统,呼吸循环系统,消化、吸收、营养和生长生殖和内分泌系统等。 |
| ● |
| 相关链接 |
|
|
|
正题名:鱼类生理学
索取号:Q959.4/44
 
预约/预借
| 序号 | 登录号 | 条形码 | 馆藏地/架位号 | 状态 | 备注 |
| 1 | 2000115400 | 2000115400 | 旧书回溯/ [索取号:Q959.4/44] | 在馆 |